[Event "World Rapid 2019"]
[Site "Moscow RUS"]
[Date "2019.12.28"]
[Round "12.59"]
[White "Vishnu Prasanna, V"]
[Black "Postny, Evgeny"]
[Result "1/2-1/2"]
[WhiteTitle "GM"]
[BlackTitle "GM"]
[WhiteElo "2493"]
[BlackElo "2605"]
[WhiteFideId "5030692"]
[BlackFideId "2804344"]
[EventDate "2019.12.26"]

1. d4 Nf6 2. c4 e6 3. Nf3 b6 4. a3 Ba6 5. Qb3 c6 6. Bg5 d5 7. e3 Be7 8. Nbd2 O-O
9. Be2 c5 10. dxc5 bxc5 11. O-O Nc6 12. Qa4 Qb6 13. b4 dxc4 14. Bxc4 Bb7 15.
bxc5 Qxc5 16. Rab1 Qa5 17. Bb5 Qxa4 18. Bxa4 Nd8 19. Ne5 Bc8 20. Ndc4 h6 21.
Bxf6 Bxf6 22. Rfd1 Ba6 23. Bb5 Bxb5 24. Rxb5 Rc8 25. g3 Bxe5 26. Nxe5 Nc6 27.
Nc4 Ne7 28. Rd7 Rxc4 29. Rxe7 Ra4 30. Rb3 g5 31. Kg2 Kg7 32. Rbb7 Rxa3 33. Rxa7 1/2-1/2

[Event "World Rapid 2019"]
[Site "Moscow RUS"]
[Date "2019.12.28"]
[Round "12.60"]
[White "Atabayev, Saparmyrat"]
[Black "Sanal, Vahap"]
[Result "0-1"]
[WhiteTitle "IM"]
[BlackTitle "GM"]
[WhiteElo "2425"]
[BlackElo "2549"]
[WhiteFideId "14000571"]
[BlackFideId "6300545"]
[EventDate "2019.12.26"]

1. d4 Nf6 2. c4 e6 3. Nc3 Bb4 4. Qc2 d5 5. Nf3 O-O 6. Bg5 c5 7. a3 Bxc3+ 8. bxc3
h6 9. Bxf6 Qxf6 10. e4 Qg6 11. Bd3 dxc4 12. Bxc4 cxd4 13. cxd4 Qxg2 14. Ke2 Nc6
15. Qc3 Qg4 16. e5 Rd8 17. Ke3 Ne7 18. Rad1 b5 19. Bb3 Bb7 0-1

[Event "World Rapid 2019"]
[Site "Moscow RUS"]
[Date "2019.12.28"]
[Round "12.61"]
[White "Quparadze, Giga"]
[Black "Murzin, Volodar"]
[Result "1/2-1/2"]
[WhiteTitle "GM"]
[BlackTitle "IM"]
[WhiteElo "2462"]
[BlackElo "2442"]
[WhiteFideId "13602250"]
[BlackFideId "44155573"]
[EventDate "2019.12.26"]

1. e4 c6 2. d4 d5 3. Nc3 dxe4 4. Nxe4 Bf5 5. Ng3 Bg6 6. h4 h6 7. Nf3 Nd7 8. h5
Bh7 9. Bd3 Bxd3 10. Qxd3 e6 11. Bf4 Qa5+ 12. Bd2 Bb4 13. c3 Be7 14. c4 Qc7 15.
O-O-O Ngf6 16. Rhe1 b5 17. c5 Nd5 18. Kb1 O-O 19. Ne4 N7f6 20. Nxf6+ Nxf6 21. g4
Nxg4 22. Rg1 f5 23. Qe2 Kh8 24. Qxe6 Bf6 25. Rg2 Qc8 26. Re1 Re8 27. Qf7 Rxe1+
28. Nxe1 Qe8 29. Qxe8+ Rxe8 30. f3 Ne3 31. Re2 f4 32. Nc2 Kg8 33. Bxe3 fxe3 34.
d5 cxd5 35. Rxe3 Rc8 36. b4 d4 37. Ra3 Kf7 38. Rxa7+ Ke6 39. Ne1 Kd5 40. Nd3 Kc4
41. Kc2 Re8 42. c6 Kd5 43. a4 Kxc6 44. Ra6+ Kd5 45. axb5 Rb8 46. Ra5 Rc8+ 47.
Kd2 Rb8 48. Kc2 Rc8+ 49. Kd2 Rb8 50. Nb2 Be7 51. b6+ Kc6 52. Ra7 Bxb4+ 53. Kd3
Rxb6 54. Rxg7 Kd5 55. Nc4 Rf6 56. Rd7+ Ke6 57. Rb7 Bc5 58. Rc7 Kd5 59. Rd7+ Ke6
60. Rh7 Rxf3+ 61. Ke4 Rf6 62. Rc7 Bf8 63. Ne5 Rf1 64. Rc6+ Ke7 65. Ra6 Bg7 66.
Ra7+ Kf8 67. Ra8+ Ke7 68. Ra7+ Kf8 69. Ng6+ Kg8 70. Ne7+ Kh7 71. Nf5 Rg1 72. Rd7
Rg4+ 73. Kf3 Rg5 74. Kf4 Kh8 75. Rd8+ Kh7 76. Rd7 Kh8 77. Rd8+ Kh7 78. Rd7 Kh8 1/2-1/2

[Event "World Rapid 2019"]
[Site "Moscow RUS"]
[Date "2019.12.28"]
[Round "12.62"]
[White "Yuffa, Daniil"]
[Black "Tsvetkov, Andrey"]
[Result "1-0"]
[WhiteTitle "GM"]
[BlackTitle "FM"]
[WhiteElo "2566"]
[BlackElo "2350"]
[WhiteFideId "24131423"]
[BlackFideId "34139360"]
[EventDate "2019.12.26"]

1. d4 d5 2. c4 e6 3. Nf3 Nf6 4. g3 dxc4 5. Bg2 Bb4+ 6. Bd2 c5 7. Bxb4 cxb4 8. a3
Nd5 9. axb4 Nxb4 10. Na3 Bd7 11. Nxc4 Bc6 12. Qd2 Qe7 13. Nb6 axb6 14. Rxa8 Na6
15. O-O O-O 16. Ne5 Bxg2 17. Kxg2 Rd8 18. Rc1 b5 19. Qd3 b6 20. Qf3 Nb4 21. Nd3
Nd5 22. Rca1 Nc6 23. Ne5 1-0

[Event "World Rapid 2019"]
[Site "Moscow RUS"]
[Date "2019.12.28"]
[Round "12.63"]
[White "Timofeev, Artyom"]
[Black "Faizrakhmanov, Ramil"]
[Result "1/2-1/2"]
[WhiteTitle "GM"]
[BlackTitle "IM"]
[WhiteElo "2588"]
[BlackElo "2434"]
[WhiteFideId "4140419"]
[BlackFideId "24103209"]
[EventDate "2019.12.26"]

1. c4 Nf6 2. e3 e6 3. Nf3 b6 4. b3 Bb7 5. Bb2 d5 6. Nc3 a6 7. d4 Bd6 8. Be2 Nbd7
9. O-O O-O 10. Qc2 Qe7 11. Rad1 c5 12. dxc5 Nxc5 13. cxd5 Nxd5 14. Nxd5 Bxd5 15.
Qc3 f6 16. Qd4 b5 17. Qh4 Rac8 18. Nd4 f5 19. Qxe7 Bxe7 20. Rc1 Rfd8 21. Rfd1
Bf6 22. Ba3 Ne4 23. Bb4 Bxd4 24. exd4 Bb7 25. Ba5 Rxc1 26. Rxc1 Rc8 27. Rxc8+
Bxc8 28. Kf1 Nf6 29. Bf3 Nd5 30. Bxd5 exd5 31. Ke2 Kf7 32. Kd3 Ke6 33. Kc3 Kd6
34. h4 g6 35. Kb4 Kc6 36. Bd8 Bd7 37. Be7 h5 38. Kc3 Bc8 39. Kd3 Kd7 40. Bb4 Ke6
41. Ke3 Bd7 42. Kf4 Bc8 43. Kg5 Kf7 44. Kf4 Ke6 1/2-1/2

[Event "World Rapid 2019"]
[Site "Moscow RUS"]
[Date "2019.12.28"]
[Round "12.64"]
[White "Abdusattorov, Nodirbek"]
[Black "Guliyev, Namig"]
[Result "1-0"]
[WhiteTitle "GM"]
[BlackTitle "GM"]
[WhiteElo "2635"]
[BlackElo "2548"]
[WhiteFideId "14204118"]
[BlackFideId "13400363"]
[EventDate "2019.12.26"]

1. e4 c5 2. Nf3 d6 3. d4 cxd4 4. Nxd4 Nf6 5. Nc3 a6 6. g3 Bg4 7. f3 Bd7 8. Be3
e6 9. Qd2 b5 10. Bg2 Nc6 11. O-O Ne5 12. b3 Rc8 13. h3 Qc7 14. Nce2 Be7 15. f4
Nc6 16. c3 h5 17. Rac1 g6 18. c4 b4 19. Qb2 e5 20. Nc2 a5 21. Bf2 h4 22. g4 exf4
23. Nxf4 Ne5 24. Ne3 Qd8 25. c5 g5 26. Nfd5 Nd3 27. Qa1 Nxc1 28. cxd6 Ne2+ 29.
Kh1 Bxd6 30. Nxf6+ Ke7 31. e5 Bc5 32. Ned5+ Kf8 33. Nxd7+ Qxd7 34. e6 1-0

[Event "World Rapid 2019"]
[Site "Moscow RUS"]
[Date "2019.12.28"]
[Round "12.65"]
[White "Kezin, Roman"]
[Black "Vokhidov, Shamsiddin"]
[Result "1-0"]
[WhiteTitle "IM"]
[BlackTitle "IM"]
[WhiteElo "2470"]
[BlackElo "2526"]
[WhiteFideId "24124621"]
[BlackFideId "14204223"]
[EventDate "2019.12.26"]

1. d4 Nf6 2. c4 e6 3. g3 d5 4. Bg2 Be7 5. Nf3 O-O 6. O-O dxc4 7. Qc2 a6 8. a4
Bd7 9. Bg5 Bc6 10. Bxf6 Bxf6 11. Rd1 a5 12. Qxc4 Bd5 13. Qd3 Bxf3 14. Bxf3 c6
15. Nc3 Na6 16. e3 Nb4 17. Qe2 Qb6 18. Rac1 Rfd8 19. Ne4 Be7 20. h4 Qc7 21. Nc3
Rd7 22. Kg2 Rad8 23. h5 Qb6 24. Be4 h6 25. Bb1 Kf8 26. Qf3 Nd5 27. Qe2 Qb4 28.
Qc2 Bg5 29. Nxd5 Rxd5 30. Ba2 R5d7 31. Qc5+ Be7 32. Qxb4 Bxb4 33. Bb3 Ke7 34.
Kf3 f5 35. Rg1 Rf8 36. Rc2 Rf6 37. g4 f4 38. Ke4 fxe3 39. fxe3 Kd6 40. g5 Rf5
41. gxh6 gxh6 42. Rh2 Rdf7 43. Rg6 R7f6 44. Rhg2 Be1 45. Rxf6 Rxf6 46. Rg7 b6
47. Rb7 Rf5 48. Bd1 b5 49. Rh7 Rf6 50. Rg7 Bh4 51. Ra7 Rf2 52. axb5 cxb5 53.
Rxa5 Rxb2 54. Ra6+ Kc7 55. Rxe6 Bg5 56. Kd5 Rd2 57. Bg4 Rd3 58. Rc6+ Kb7 59.
Bc8+ Kb8 60. Bf5 Rxe3 61. Rb6+ Kc7 62. Rxb5 Rc3 63. Ra5 Kb6 64. Ra8 Rc7 65. Rb8+
Rb7 66. Rg8 Re7 67. Be6 Be3 68. Rb8+ Rb7 69. Re8 Rg7 70. Ke4 Bg1 71. d5 Bh2 72.
Bf5 Rg5 73. Re6+ Kc5 74. Rc6+ Kb5 75. Rxh6 Rg1 76. Bd7+ Kb4 77. Rb6+ Ka5 78. Re6
Rg5 79. h6 Rh5 80. Be8 Rh4+ 81. Kf5 Kb4 82. d6 Kc5 83. d7 Bc7 84. Rc6+ 1-0

[Event "World Rapid 2019"]
[Site "Moscow RUS"]
[Date "2019.12.28"]
[Round "12.66"]
[White "Harsha, Bharathakoti"]
[Black "Donchenko, Alexander"]
[Result "1/2-1/2"]
[WhiteTitle "GM"]
[BlackTitle "GM"]
[WhiteElo "2523"]
[BlackElo "2644"]
[WhiteFideId "5078776"]
[BlackFideId "24603295"]
[EventDate "2019.12.26"]

1. c4 e5 2. Nc3 Bb4 3. Nd5 a5 4. Nf3 d6 5. g3 Ne7 6. Bg2 Nxd5 7. cxd5 Bc5 8. O-O
Bb6 9. d4 f6 10. e4 O-O 11. h3 Qe8 12. Be3 Na6 13. Re1 Bd7 14. Rc1 a4 15. Nh4
Ba5 16. Bd2 Bb6 17. Be3 exd4 18. Bxd4 Bxd4 19. Qxd4 g5 20. Nf5 Nc5 21. Qc3 Bxf5
22. exf5 Qb5 23. Bf1 Qa5 24. Qd4 Kg7 25. h4 h6 26. Qg4 Qd2 27. Qh5 Rf7 28. Qg6+
Kf8 29. Qxh6+ Kg8 30. Rcd1 Qc2 31. hxg5 Qxf5 32. gxf6 Rxf6 33. Qe3 Ne4 34. Rd4
Qxf2+ 35. Qxf2 Nxf2 36. Bg2 a3 37. b4 Raf8 38. Re3 Rg6 39. Rxa3 Ng4 40. Bh3 Ne5
41. Bg2 Rf7 42. Rc3 Rfg7 43. Kf2 Ng4+ 44. Ke2 Ne5 45. Kf2 Ng4+ 46. Ke2 Ne5 47.
Kf2 1/2-1/2

[Event "World Rapid 2019"]
[Site "Moscow RUS"]
[Date "2019.12.28"]
[Round "12.67"]
[White "Sychev, Klementy"]
[Black "Iljiushenok, Ilia"]
[Result "0-1"]
[WhiteTitle "GM"]
[BlackTitle "GM"]
[WhiteElo "2563"]
[BlackElo "2521"]
[WhiteFideId "4114060"]
[BlackFideId "24105074"]
[EventDate "2019.12.26"]

1. e4 c5 2. Nf3 d6 3. d4 cxd4 4. Nxd4 Nf6 5. Nc3 a6 6. Bg5 Nbd7 7. Bc4 Qb6 8.
Bb3 e6 9. Qd2 Be7 10. O-O-O Nc5 11. Qe2 Qc7 12. f4 O-O 13. Kb1 h6 14. h4 b5 15.
e5 dxe5 16. fxe5 Nh7 17. Bxe7 Qxe7 18. Ne4 Nxe4 19. Qxe4 Bb7 20. Qf4 Rad8 21. c3
b4 22. Rh3 bxc3 23. Rxc3 Rd7 24. Bc2 Rfd8 25. a3 Kh8 26. Rcd3 Nf8 27. h5 Nh7 28.
Ba4 Rd5 29. Bb3 R5d7 30. Ba4 Rd5 31. Bc6 Rxd4 32. Rxd4 Rxd4 33. Qxd4 Bxc6 34.
Qd8+ Qf8 35. Rd6 Be4+ 36. Ka1 g5 37. Qc7 Qg7 38. g3 g4 39. Rxa6 Qg5 40. Qc3 Qxh5
41. Qc1 Qxe5 42. Qxh6 Qb5 43. Rd6 Qf1+ 44. Ka2 Bd5+ 45. Rxd5 exd5 46. a4 Qc4+
47. Ka3 Qd3+ 48. b3 Qxg3 49. a5 Qf2 50. a6 g3 51. Qh4 Qb6 52. Qa4 Qa7 53. Qe8+
Kg7 54. Qe5+ Kh6 55. Qd6+ Kh5 56. Qxd5+ Ng5 57. Qh1+ Kg4 58. Qc6 f5 59. Qc4+ f4
60. Qc8+ Kf3 61. Qb7+ Qxb7 62. axb7 g2 63. b8=Q g1=Q 64. Qe5 Ne4 65. Qh5+ Ke3
66. Qf7 Qa1+ 67. Kb4 Qc3+ 68. Ka3 f3 69. Qh7 Qc5+ 70. b4 Qc3+ 71. Ka2 f2 72.
Qh3+ Ke2 73. Qh5+ Qf3 0-1

[Event "World Rapid 2019"]
[Site "Moscow RUS"]
[Date "2019.12.28"]
[Round "12.68"]
[White "Potkin, Vladimir"]
[Black "Dragnev, Valentin"]
[Result "1-0"]
[WhiteTitle "GM"]
[BlackTitle "GM"]
[WhiteElo "2583"]
[BlackElo "2553"]
[WhiteFideId "4131061"]
[BlackFideId "1634852"]
[EventDate "2019.12.26"]

1. e4 e5 2. Nf3 Nc6 3. Bb5 a6 4. Ba4 Nf6 5. O-O Nxe4 6. d4 b5 7. Bb3 d5 8. dxe5
Be6 9. Nbd2 Nc5 10. c3 Be7 11. Re1 Nd3 12. Re3 Nxc1 13. Rxc1 O-O 14. Nd4 Nxd4
15. cxd4 Rc8 16. Rec3 a5 17. Nf3 a4 18. Bc2 b4 19. Rc6 Bd7 20. Bxa4 Ra8 21. b3
Bxc6 22. Rxc6 f6 23. Qc2 Ra7 24. h3 fxe5 25. dxe5 Rf4 26. Qd2 Rf7 27. Nd4 Bf8
28. Ne6 Qh4 29. Qe3 Ra5 30. Rc2 c5 31. Bc6 c4 32. Rd2 c3 33. Rd4 Qe7 34. Ng5 Rf5
35. f4 Qa7 36. Kh2 c2 37. Qd3 c1=Q 38. Qxf5 Qxc6 39. Qxh7# 1-0

[Event "World Rapid 2019"]
[Site "Moscow RUS"]
[Date "2019.12.28"]
[Round "12.70"]
[White "Mamatov, Melis"]
[Black "Ruck, Robert"]
[Result "0-1"]
[BlackTitle "GM"]
[WhiteElo "2292"]
[BlackElo "2530"]
[WhiteFideId "13800027"]
[BlackFideId "705713"]
[EventDate "2019.12.26"]

1. e4 c6 2. d4 d5 3. Nd2 dxe4 4. Nxe4 Bf5 5. Ng3 Bg6 6. h4 h6 7. N1e2 Nf6 8. Nf4
Bh7 9. Be3 e6 10. Bd3 Bxd3 11. Qxd3 Bd6 12. O-O-O Qa5 13. Kb1 Nbd7 14. Rhe1
O-O-O 15. c4 Qc7 16. Nge2 Ng4 17. c5 Nxc5 18. dxc5 Bxf4 19. Qa3 Bxe3 20. fxe3
Kb8 21. Nd4 Rd5 22. Qb4 Ne5 23. e4 Rd7 24. Re2 Rhd8 25. Red2 Ng4 26. Qc3 Nf6 27.
Qe3 Kc8 28. Re1 Qe5 29. Nf3 Qg3 30. Rd6 Ng4 31. Qa3 Rxd6 32. cxd6 Qxd6 33. Qxa7
Qd3+ 34. Kc1 Nf6 35. Qa8+ Kc7 36. Qa5+ Kb8 37. Ne5 Qd6 38. Nxf7 Qf4+ 39. Kc2
Qf2+ 40. Kc1 Rd4 41. Kb1 Rd2 42. Qe5+ Kc8 43. Rc1 Nd7 44. Nd6+ Kb8 45. Qxe6
Rxb2+ 46. Ka1 Qd4 47. Qg8+ Kc7 48. Ne8+ Kb6 49. Qc4 Qxc4 50. Rxc4 Rxg2 51. Rb4+
Ka7 52. Rd4 Nc5 53. e5 g5 54. hxg5 Rxg5 55. Nd6 Rxe5 56. Nc8+ Kb8 57. Nb6 h5 58.
Kb2 Re4 59. Rd1 Rb4+ 0-1

[Event "World Rapid 2019"]
[Site "Moscow RUS"]
[Date "2019.12.28"]
[Round "12.71"]
[White "Narayanan, Srinath"]
[Black "Makarian, Rudik"]
[Result "1/2-1/2"]
[WhiteTitle "GM"]
[BlackTitle "IM"]
[WhiteElo "2529"]
[BlackElo "2397"]
[WhiteFideId "5018420"]
[BlackFideId "44105681"]
[EventDate "2019.12.26"]

1. e4 c5 2. Nf3 d6 3. Bb5+ Nd7 4. d4 cxd4 5. Qxd4 a6 6. Be2 Ngf6 7. O-O g6 8. c4
Bg7 9. Nc3 O-O 10. h3 b6 11. Bg5 h6 12. Bh4 g5 13. Bg3 Nh5 14. Qd2 Nxg3 15. fxg3
b5 16. cxb5 axb5 17. Nxb5 Qb6+ 18. Kh2 Nc5 19. e5 dxe5 20. b4 Ne4 21. Qc2 Bb7
22. a4 Nxg3 23. Kxg3 e4 24. Rae1 Rac8 25. Qb3 exf3 26. Bxf3 Bxf3 27. Rxf3 e6 28.
Kh2 Rfd8 29. Kh1 Rd2 30. Na3 Rb2 31. Nc4 Qxb4 32. Qxb4 Rxb4 33. Nd6 Rc7 34. Ref1
f5 35. Re3 Rb6 36. Rxe6 f4 37. Re8+ Kh7 38. Nf5 Rf7 39. Nxg7 Kxg7 40. Ra1 f3 41.
Re3 fxg2+ 42. Kxg2 Rb2+ 43. Kg3 h5 44. h4 gxh4+ 45. Kxh4 Rb4+ 46. Kh3 Ra7 1/2-1/2

[Event "World Rapid 2019"]
[Site "Moscow RUS"]
[Date "2019.12.28"]
[Round "12.72"]
[White "Zarubitski, Viachaslau"]
[Black "Yilmaz, Mustafa"]
[Result "1-0"]
[WhiteTitle "IM"]
[BlackTitle "GM"]
[WhiteElo "2451"]
[BlackElo "2604"]
[WhiteFideId "13509373"]
[BlackFideId "6302718"]
[EventDate "2019.12.26"]

1. e4 c5 2. Nf3 e6 3. d4 cxd4 4. Nxd4 Nc6 5. g3 a6 6. Bg2 Qc7 7. O-O Nf6 8. Nc3
h5 9. Re1 Bc5 10. Nb3 Ba7 11. Nd5 Qd8 12. Bf4 Bb8 13. Bxb8 Rxb8 14. Nxf6+ gxf6
15. h4 d6 16. Qd2 Ke7 17. Rad1 Ne5 18. Qb4 Qc7 19. f4 Nc6 20. Qd2 e5 21. fxe5
Qb6+ 22. Kh1 Nxe5 23. Rf1 Bg4 24. Qf4 Bxd1 25. Qxf6+ Kd7 26. Rxd1 Rbe8 27. Nd4
Rhg8 28. Nf3 Kc7 29. Nxe5 dxe5 30. Rd7+ Kxd7 31. Qxb6 Rxg3 32. Qxb7+ Ke6 33.
Qxa6+ Ke7 34. Qb7+ Kf8 35. a4 Rd8 36. Qb4+ Kg8 37. Qe1 Rg4 38. a5 Rd6 39. Bh3
Rf4 40. Bf5 Kf8 41. Qb4 Ke7 42. a6 Rf1+ 43. Kg2 Ra1 44. Bc8 Rc1 45. Qc5 f6 46.
a7 1-0

[Event "World Rapid 2019"]
[Site "Moscow RUS"]
[Date "2019.12.28"]
[Round "12.73"]
[White "Grigoriants, Sergey"]
[Black "Pigusov, Evgeny"]
[Result "1/2-1/2"]
[WhiteTitle "GM"]
[BlackTitle "GM"]
[WhiteElo "2542"]
[BlackElo "2555"]
[WhiteFideId "4130804"]
[BlackFideId "4100514"]
[EventDate "2019.12.26"]

1. e4 c5 2. Nf3 Nc6 3. d4 cxd4 4. Nxd4 g6 5. c4 Nf6 6. Nc3 d6 7. f3 Nxd4 8. Qxd4
Bg7 9. Be3 O-O 10. Qd2 a5 11. Na4 Nd7 12. Rd1 b6 13. Be2 Bb7 14. b3 Nc5 15. Nc3
Bc6 16. O-O Rc8 17. Rc1 Qd7 18. Rfd1 Rfd8 19. Bf1 Be5 20. Qf2 Qe8 21. Qh4 Bf6
22. Qg3 Be5 23. Qh4 Bf6 24. Qg3 Be5 1/2-1/2

[Event "World Rapid 2019"]
[Site "Moscow RUS"]
[Date "2019.12.28"]
[Round "12.74"]
[White "Christiansen, Johan-Sebastian"]
[Black "Moiseenko, Vadim"]
[Result "1-0"]
[WhiteTitle "GM"]
[BlackTitle "GM"]
[WhiteElo "2597"]
[BlackElo "2526"]
[WhiteFideId "1512668"]
[BlackFideId "4123700"]
[EventDate "2019.12.26"]

1. e4 e5 2. Nf3 Nc6 3. Bc4 Nf6 4. d4 exd4 5. O-O Bc5 6. e5 d5 7. exf6 dxc4 8.
fxg7 Rg8 9. Bg5 Qd5 10. Nc3 Qf5 11. Re1+ Be6 12. Ne4 Rxg7 13. Nh4 Qxe4 14. Rxe4
Rxg5 15. f4 d3+ 16. Kh1 dxc2 17. Qxc2 1-0

[Event "World Rapid 2019"]
[Site "Moscow RUS"]
[Date "2019.12.28"]
[Round "12.75"]
[White "Kazhgaleyev, Murtas"]
[Black "Romanov, Evgeny"]
[Result "1/2-1/2"]
[WhiteTitle "GM"]
[BlackTitle "GM"]
[WhiteElo "2569"]
[BlackElo "2604"]
[WhiteFideId "13700316"]
[BlackFideId "4148843"]
[EventDate "2019.12.26"]

1. d4 d5 2. c4 dxc4 3. e3 b5 4. a4 b4 5. Bxc4 e6 6. Nf3 Nf6 7. O-O Be7 8. b3 O-O
9. Bb2 Bb7 10. Nbd2 Nbd7 11. Rc1 c5 12. Qe2 Rc8 13. Rfd1 cxd4 14. Nxd4 Nc5 15.
e4 Qb6 16. e5 Nd5 17. Qg4 Rfd8 18. Bf1 Ba6 19. Nc4 Qb8 20. Nd6 Bxd6 21. Bxa6
Nxa6 22. exd6 Nf6 23. Qf3 Rxc1 24. Rxc1 Qxd6 25. Nc6 Rd7 26. Nxa7 Nc5 27. Nb5
Qd2 28. g3 Nfe4 29. Qf4 Qxf4 30. gxf4 f6 31. f3 Nxb3 32. Rc8+ Kf7 33. fxe4 Rd1+
34. Kf2 Rd2+ 35. Ke3 Rxb2 36. Nd6+ Kg6 37. Rc7 Rxh2 38. f5+ exf5 39. Nxf5 Ra2
40. Rxg7+ Kh5 41. Rxh7+ Kg6 42. Rg7+ Kh5 43. Kf4 Nc5 44. Rh7+ Kg6 45. Rg7+ Kh5
46. Rh7+ Kg6 47. Rg7+ 1/2-1/2

[Event "World Rapid 2019"]
[Site "Moscow RUS"]
[Date "2019.12.28"]
[Round "12.76"]
[White "Savchenko, Boris"]
[Black "Vastrukhin, Oleg"]
[Result "1-0"]
[WhiteTitle "GM"]
[BlackTitle "IM"]
[WhiteElo "2577"]
[BlackElo "2428"]
[WhiteFideId "4147332"]
[BlackFideId "4192770"]
[EventDate "2019.12.26"]

1. e4 e6 2. d4 d5 3. Nc3 Bb4 4. e5 c5 5. a3 Bxc3+ 6. bxc3 Nc6 7. Qg4 g6 8. a4
Qa5 9. Bd2 c4 10. Nh3 Bd7 11. Ng5 f5 12. exf6 Nxf6 13. Qh4 Qd8 14. Qg3 Qe7 15.
Bc1 O-O-O 16. Ba3 Qg7 17. Qe3 e5 18. dxe5 Ng4 19. Qg3 Ncxe5 20. O-O-O Bxa4 21.
f4 Nd3+ 22. Bxd3 cxd3 23. Qxg4+ Bd7 24. Qg3 dxc2 25. Rde1 Qf6 26. Qe3 Rhe8 27.
Qc5+ Bc6 28. Qd4 Qf5 29. Re5 Qg4 30. Nf7 Rxe5 31. fxe5 Qxg2 32. Rg1 1-0

[Event "World Rapid 2019"]
[Site "Moscow RUS"]
[Date "2019.12.28"]
[Round "12.77"]
[White "Sek, Konstantin"]
[Black "Tari, Aryan"]
[Result "1/2-1/2"]
[BlackTitle "GM"]
[WhiteElo "2446"]
[BlackElo "2634"]
[WhiteFideId "24104302"]
[BlackFideId "1510045"]
[EventDate "2019.12.26"]

1. e4 e5 2. Bc4 Nf6 3. d3 Nc6 4. Nc3 Bc5 5. f4 exf4 6. Bxf4 O-O 7. Qd2 d6 8. Nf3
Bg4 9. O-O-O Ne5 10. Nxe5 dxe5 11. Bxe5 Bxd1 12. Nxd1 Bd4 13. Bf4 Nd7 14. c3 Be5
15. Be3 c5 16. Rf1 Rc8 17. g3 Nb6 18. Bb3 c4 19. Bxb6 cxb3 20. Bxd8 bxa2 21. Be7
a1=Q+ 22. Kc2 Rfe8 23. Bg5 b5 24. d4 f6 25. Be3 Bd6 26. Qd3 Qa4+ 27. Kd2 b4 28.
c4 b3 29. Nc3 Qxc4 30. Qxc4+ Rxc4 31. Kd3 Rcc8 32. Ra1 Bb4 33. Bd2 a5 34. d5
Rcd8 35. g4 Re7 36. Nb1 Rc7 37. Bxb4 axb4 38. Nd2 Rc2 39. Rb1 Rdc8 40. Nxb3 Rxh2
41. Nd2 Rh3+ 42. Kd4 Rc2 43. Nc4 Rg3 44. Ra1 Rxg4 45. d6 Kf7 46. Ra7+ Ke8 47.
Nb6 Rd2+ 48. Kc5 Rxe4 49. Rxg7 Red4 50. Nc4 f5 51. Nxd2 Rxd2 52. Rxh7 Rxb2 53.
Re7+ Kd8 54. Rf7 b3 55. Kb4 Rb1 56. Rxf5 b2 57. Kb3 Kd7 58. Rf2 1/2-1/2

[Event "World Rapid 2019"]
[Site "Moscow RUS"]
[Date "2019.12.28"]
[Round "12.78"]
[White "Rychagov, Andrey"]
[Black "Carlsson, Pontus"]
[Result "1-0"]
[WhiteTitle "GM"]
[BlackTitle "GM"]
[WhiteElo "2545"]
[BlackElo "2456"]
[WhiteFideId "4119932"]
[BlackFideId "1705814"]
[EventDate "2019.12.26"]

1. d4 Nf6 2. c4 e6 3. Nf3 c5 4. d5 exd5 5. cxd5 d6 6. Nc3 g6 7. Bf4 Bg7 8. e3
O-O 9. h3 Re8 10. Nd2 Nbd7 11. Be2 Nb6 12. e4 a6 13. O-O Rb8 14. a4 Bf8 15. Qc2
Bd7 16. Rab1 Rc8 17. Rfe1 Na8 18. Bf1 Nh5 19. Bh2 Nb6 20. Ra1 f5 21. a5 Na8 22.
e5 dxe5 23. Bxe5 Bg7 24. Nf3 Nc7 25. Bc4 Nb5 26. d6+ Kh8 27. Qd2 Bxe5 28. Nxe5
Kg7 29. Nf7 Qh4 30. Qh6+ Kf6 31. Nd5+ Kxf7 32. Qxh7+ Kf8 33. Ne7 1-0

[Event "World Rapid 2019"]
[Site "Moscow RUS"]
[Date "2019.12.28"]
[Round "12.79"]
[White "Rozum, Ivan"]
[Black "Baron, Tal"]
[Result "0-1"]
[WhiteTitle "GM"]
[BlackTitle "GM"]
[WhiteElo "2573"]
[BlackElo "2541"]
[WhiteFideId "24104272"]
[BlackFideId "2809958"]
[EventDate "2019.12.26"]

1. c4 c5 2. Nf3 Nf6 3. Nc3 d5 4. cxd5 Nxd5 5. e3 e6 6. Bc4 Nc6 7. O-O Be7 8. d4
cxd4 9. exd4 O-O 10. Re1 Bf6 11. Ne4 b6 12. a3 Bb7 13. Qd3 Nce7 14. h4 Nf5 15.
h5 Nd6 16. Neg5 Bxg5 17. Nxg5 Nf6 18. h6 Nxc4 19. hxg7 Kxg7 20. Qxc4 Qd5 21. Qf1
Rg8 22. Bd2 Kf8 23. Re5 Qxg2+ 24. Qxg2 Bxg2 25. Kxg2 h6 26. Kf3 hxg5 27. Rxg5
Ke7 28. Rh1 Rac8 29. Rh6 Nd5 30. Rh7 a5 31. Ke2 Nf6 32. Rxg8 Rxg8 33. Rh1 Nd5
34. a4 Rc8 35. Kd3 Kf6 36. Rh6+ Kf5 37. Rh7 Kg6 38. Rh6+ Kf5 39. Rh7 Rc7 40. Rh8
Kg4 41. Ke4 Nf6+ 42. Ke5 Nd5 43. Ke4 Rc2 44. f3+ Kg3 45. Be1+ Kg2 46. Bc3 Re2+
47. Kd3 Nf4+ 48. Kc4 Kxf3 49. Rf8 f5 50. b4 Nd5 51. bxa5 Rc2 52. a6 Rxc3+ 53.
Kb5 Rc7 54. Rb8 e5 55. Rd8 Ke4 56. a5 bxa5 57. dxe5 Kxe5 58. Kxa5 f4 59. Re8+
Kd4 60. Rf8 Kc4 61. Ka4 Rc6 62. Ka5 Rc5+ 63. Ka4 Rc6 64. Ka5 Rc7 65. Rf5 Rc5+
66. Ka4 Nb6+ 0-1

[Event "World Rapid 2019"]
[Site "Moscow RUS"]
[Date "2019.12.28"]
[Round "12.82"]
[White "Studer, Noel"]
[Black "Tran, Tuan Minh"]
[Result "0-1"]
[WhiteTitle "GM"]
[BlackTitle "GM"]
[WhiteElo "2546"]
[BlackElo "2529"]
[WhiteFideId "1319620"]
[BlackFideId "12401820"]
[EventDate "2019.12.26"]

1. d4 Nf6 2. c4 e6 3. Nf3 b6 4. g3 Ba6 5. Nbd2 c5 6. e4 cxd4 7. e5 Ng8 8. Bg2
Nc6 9. O-O Nge7 10. Re1 Ng6 11. a3 Qc7 12. b4 Bb7 13. Nb3 Be7 14. Bb2 O-O 15.
Rc1 Rad8 16. c5 bxc5 17. Nxc5 Ba8 18. Nd3 Qb6 19. Nd2 f6 20. Nc4 Qb8 21. exf6
Bxf6 22. Qh5 d5 23. Nd2 e5 24. Nc5 Qd6 25. b5 Na5 26. a4 Nc4 27. Nxc4 dxc4 28.
Ba3 Bxg2 29. Kxg2 Qd5+ 30. Ne4 Rf7 31. Kg1 c3 32. Qg4 Qb3 33. Bd6 Qxa4 34. Nxc3
Qb3 35. Ne4 Qxb5 36. h4 Qd7 37. Qd1 Bxh4 38. Rc7 Qe6 39. Rxf7 Qxf7 40. Qh5 Bf6
41. Rc1 Nf8 42. Qf3 Ne6 43. Qf5 d3 44. Rd1 Nd4 45. Qg4 h5 46. Qh3 Qd5 47. Nxf6+
gxf6 48. Be7 Re8 49. Bxf6 Qf3 50. Qd7 Ne2+ 0-1